La muerte rosa

Збережено в:
Бібліографічні деталі
Автор: Sohr, Raúl (Автор)
Формат: Книга
Мова:Іспанська
Опубліковано: Santiago Random House Mondadori 2003
Редагування:1a. ed
Предмети:
Теги: Додати тег
Немає тегів, Будьте першим, хто поставить тег для цього запису!

MARC

LEADER 00000cam a2200000 a 4500
001 UCF6199
003 CL-VaPUC
008 130418e20030000CL |||||||||||||||||spa|d
020 |a 9568352007 
082 0 4 |a Ch863  |b SOH  |2 21 
100 0 |a Sohr, Raúl  |e author  |9 568238 
245 1 3 |a La muerte rosa 
250 |a 1a. ed 
300 |a 183 p 
942 |c BK 
945 |d 20130418 00:00:00  |a cmena 
260 |a Santiago  |b Random House Mondadori  |c 2003 
650 0 |a Novelas chilenas   |9 265425 
650 7 |a EXPLORADORES  |2 CL-VaPUC  |9 314661 
650 7 |a CAPA DE OZONO  |2 CL-VaPUC  |9 427635 
650 0 |a Literatura chilena   |9 308278 
583 |a last modification  |c 20130418 10:21:00  |k Rodrigo Vera 
999 |c 351512  |d 351510 
952 |0 0  |1 0  |4 0  |6 CH_863_000000000000000_SOH_2003  |7 0  |8 A  |9 455649  |a BIBEDU  |b BIBEDU  |d 2019-11-22  |i 495663K  |o Ch863 SOH 2003  |p 495663K  |r 2019-11-22  |w 2019-11-22  |y BK  |k LIT